|
|
|
|
| LEADER |
02246nam a2200601 i 4500 |
| 001 |
nkc20162864399 |
| 003 |
CZ PrNK |
| 005 |
20170404171808.0 |
| 007 |
ta |
| 008 |
161219s2016 xr a e f 000 0 cze |
| 015 |
|
|
|a cnb002864399
|
| 020 |
|
|
|a 978-80-88159-41-4
|q (brožováno)
|
| 035 |
|
|
|a (OCoLC)982100713
|
| 040 |
|
|
|a BOA001
|b cze
|e rda
|
| 072 |
|
7 |
|a 613.7
|x Zdraví a hygiena volného času, rekreace a spánku
|2 Konspekt
|9 20
|
| 080 |
|
|
|a 613.71/.73
|2 MRF
|
| 080 |
|
|
|a 613.72
|2 MRF
|
| 080 |
|
|
|a 37.091.33
|2 MRF
|
| 080 |
|
|
|a 796.012:159.953.5
|2 MRF
|
| 080 |
|
|
|a 316.346.32-053.4
|2 MRF
|
| 080 |
|
|
|a 316.344.6-056.26/.3-053.2
|2 MRF
|
| 080 |
|
|
|a (036)
|2 MRF
|
| 100 |
1 |
|
|a Šámalová, Hana
|7 xx0211774
|4 aut
|
| 245 |
1 |
0 |
|a Hra větších dětí /
|c autoři: H. Šámalová, L. Jůzová, I. Chmelová
|
| 264 |
|
1 |
|a Ostrava :
|b Fakultní nemocnice Ostrava,
|c [2016?]
|
| 300 |
|
|
|a 11 stran :
|b barevné ilustrace ;
|c 21 cm
|
| 336 |
|
|
|a text
|b txt
|2 rdacontent
|
| 337 |
|
|
|a bez média
|b n
|2 rdamedia
|
| 338 |
|
|
|a svazek
|b nc
|2 rdacarrier
|
| 500 |
|
|
|a Název z obálky
|
| 500 |
|
|
|a Nad názvem: Klinika léčebné rehabilitace
|
| 650 |
0 |
7 |
|a pohybová aktivita
|7 ph124199
|2 czenas
|
| 650 |
0 |
7 |
|a tělesná cvičení
|7 ph126832
|2 czenas
|
| 650 |
0 |
7 |
|a hra
|7 ph125799
|2 czenas
|
| 650 |
0 |
7 |
|a motorické učení
|7 ph705669
|2 czenas
|
| 650 |
0 |
7 |
|a děti předškolního věku
|7 ph119710
|2 czenas
|
| 650 |
0 |
7 |
|a děti se zdravotním postižením
|7 ph116745
|2 czenas
|
| 650 |
0 |
9 |
|a movement activity
|2 eczenas
|
| 650 |
0 |
9 |
|a exercises
|2 eczenas
|
| 650 |
0 |
9 |
|a play
|2 eczenas
|
| 650 |
0 |
9 |
|a motor learning
|2 eczenas
|
| 650 |
0 |
9 |
|a preschool children
|2 eczenas
|
| 650 |
0 |
9 |
|a children with disabilities
|2 eczenas
|
| 655 |
|
7 |
|a informační publikace
|7 fd132454
|2 czenas
|
| 655 |
|
9 |
|a information publications
|2 eczenas
|
| 700 |
1 |
|
|a Jůzová, Lenka
|7 xx0102275
|4 aut
|
| 700 |
1 |
|
|a Chmelová, Irina,
|d 1958-
|7 osd2012701407
|4 aut
|
| 710 |
2 |
|
|a Fakultní nemocnice s poliklinikou (Ostrava, Česko).
|b Klinika léčebné rehabilitace
|7 osa2017941683
|4 isb
|
| 910 |
2 |
|
|a BOA001
|b 2-1382.064
|
| 990 |
|
|
|a BK
|
| 995 |
|
|
|a 01
|
| 991 |
|
|
|b 201702
|c NOV
|
| 996 |
6 |
|
|b 2610696002
|c 2-1382.064
|l MZK
|r Sklad / do 1 hodiny
|n 2
|p p.v.
|w 001597841
|u 000010
|a 1
|e BOA001
|j MZK50
|s P
|